| 000 | 00589nam a22001937a 4500 | ||
|---|---|---|---|
| 003 | SISC | ||
| 005 | 20160307160222.0 | ||
| 008 | 130902t xxu||||| |||| 00| 0 eng d | ||
| 020 | _a9781882664221 | ||
| 050 |
_aPN 161 _b.D923 1997 |
||
| 082 |
_aHS 808.0666 _bD92 1997 |
||
| 100 |
_aDunn, Danielle _916259 |
||
| 245 |
_aA teen's guide to getting published : _bthe only writer's guide written by teens for teens / _cDanielle Dunn |
||
| 260 |
_aTexas : _bPrufrock Press, _cc1997. |
||
| 300 |
_a84 p. : _c23 cm. |
||
| 650 |
_aWriting _xguide _916260 |
||
| 942 |
_2lcc _cBK |
||
| 999 |
_c10220 _d10220 |
||